Statistics for Pirates of the Caribbean Franchise

Click here to take the quiz!

General Stats

  • This quiz has been taken 7 times
  • The average score is 9 of 45

Answer Stats

Type Year Name Info % Correct
Theme Park Attraction1967-PresentPirates of the Caribbean(Various)
80%
Film2011Pirates of the Caribbean: On Stranger TidesDisney
80%
Film2007Pirates of the Caribbean: At World's EndDisney
80%
Film2006Pirates of the Caribbean: Dead Man's ChestDisney
80%
Film2003Pirates of the Caribbean: The Curse of the Black PearlDisney
80%
Video Game2011Lego Pirates of the Caribbean: The Video GameDisney Interactive
40%
Film2017Pirates of the Caribbean: Dead Men Tell No TalesDisney
40%
Novel2009The Turning TideRob Kidd
0%
Short Story2009Not-So-Calm Before the StormRob Kidd
0%
Short Story2009The Nosy StrangerRob Kidd
0%
Short Story2009The Bedeviled EggRob Kidd
0%
Short Story2009The Mermaid KeyRob Kidd
0%
Short Story2009The Cat's MeowRob Kidd
0%
Video Game2017Pirates of the Caribbean: Tides of WarDisney Interactive
0%
Novel2009Wild WatersRob Kidd
0%
Short Story2009Tale of Billy TurnerRob Kidd
0%
Short Film2011Pirates of the Caribbean: Tales of the Code: WedlockedDisney
0%
Video Game2011Pirates of the Caribbean: Master of the SeasDisney Interactive
0%
Novel2011Pirates of the Caribbean: The Price of FreedomAnn C. Crispin
0%
Theme Park Attraction2016-PresentPirates of the Caribbean: Battle for the Sunken TreasureShanghai Disney Resort
0%
Novel2009Day of the ShadowRob Kidd
0%
Novel2008Rising in the EastRob Kidd
0%
Short Story Collection2009The Tale of Billy Turner and Other StoriesRob Kidd
0%
Novel2006The Age of BronzeRob Kidd
0%
Video Game2006Pirates of the Caribbean Multiplayer MobileDisney Interactive
0%
Video Game2006Pirates of the Caribbean: The Legend of Jack SparrowBethesda Softworks / Ubi Soft
0%
Novel2006The Coming StormRob Kidd
0%
Novel2006The Siren SongRob Kidd
0%
Novel2006The Pirate ChaseRob Kidd
0%
Novel2006The Sword of Cort├ęsRob Kidd
0%
Video Game2007Pirates of the Caribbean OnlineDisney Online
0%
Novel2008The CaribbeanRob Kidd
0%
Novel2007SilverRob Kidd
0%
Novel2007City of GoldRob Kidd
0%
Novel2007The TimekeeperRob Kidd
0%
Novel2007Dance of the HoursRob Kidd
0%
Novel2007Sins of the FatherRob Kidd
0%
Novel2008Poseidon's PeakRob Kidd
0%
Novel2008Bold New HorizonsRob Kidd
0%
Cancelled Video GameN/APirates of the Caribbean: Armada of the DamnedDisney Interactive
0%

Score Distribution

Percentile by Number Answered

Percent of People with Each Score

Your Score History

You have not taken this quiz